000 00384 a2200121 4500
001 ART_3592
005 20260410161716.0
008 260409a
245 1 0 _aLa gran propiedad rural en la provincia de Buenos Aires
100 1 _aKhavisse, Miguel
700 1 _aBasualdo, Eduardo M.
773 0 _tDesarrollo económico
_g- Vol. 34, Nº 134 (jul./sep. 1994)
_wREV1174
999 _c16536
_d16536